[Event "Moia op 3rd"]
[Site "Moia"]
[Date "2014.10.17"]
[Round "5"]
[White "Codina Espinasa, Joan"]
[Black "Poyato Plaza, Daniel"]
[Result "0-1"]
[WhiteElo "1831"]
[BlackElo "2048"]
[PlyCount "77"]
[EventDate "2014.09.19"]
[EventType "swiss"]
[EventRounds "8"]
[EventCountry "ESP"]
[SourceTitle "EXT 2016"]
[Source "ChessBase"]
[SourceDate "2015.10.08"]
[SourceVersion "1"]
[SourceVersionDate "2015.10.08"]
[SourceQuality "1"]

1. e4 g6 2. d4 Bg7 3. Nf3 d6 4. Nc3 Nf6 5. Bc4 0-0 6. h3 Nbd7 7. Bg5 e5 8. Nd5 exd4 9. 0-0 h6 10. Bh4 g5 11. Nxg5 hxg5 12. Bxg5 c6 13. Nf4 Qa5 14. h4 Ne5 15. Bd3 Nxd3 16. cxd3 Qe5 17. Qb3 Kh8 18. Qb4 Nh7 19. Ne2 Nxg5 20. hxg5 Qxg5 21. f4 Qc5 22. Qe1 Qh5 23. Ng3 Qh4 24. Qf2 Bg4 25. Nf5 Qxf2+ 26. Kxf2 Bxf5 27. exf5 Rae8 28. Rh1+ Kg8 29. Rh3 Re7 30. Rg3 f6 31. Rg6 Rfe8 32. g4 Re2+ 33. Kf1 Rh2 34. Kg1 Ree2 35. g5 Reg2+ 36. Kf1 Rxb2 37. Kg1 Kf7 38. Re1 Rbe2 39. Rb1 0-1

[Event "Moia op 2nd"]
[Site "Moia"]
[Date "2013.10.18"]
[Round "5"]
[White "Centelles Vivas, Aleix"]
[Black "Codina Espinasa, Joan"]
[Result "1-0"]
[WhiteElo "1786"]
[BlackElo "1837"]
[PlyCount "89"]
[EventDate "2013.09.20"]
[EventType "swiss"]
[EventRounds "8"]
[EventCountry "ESP"]
[SourceTitle "EXT 2015"]
[Source "ChessBase"]
[SourceDate "2014.11.20"]
[SourceVersion "1"]
[SourceVersionDate "2014.11.20"]
[SourceQuality "1"]

1. d4 d5 2. c4 dxc4 3. Nc3 Nf6 4. e3 e6 5. Bxc4 a6 6. Nf3 b5 7. Bd3 Bb7 8. a3 Nbd7 9. b4 Nd5 10. Bb2 N7f6 11. 0-0 h6 12. Rc1 Nxc3 13. Bxc3 Bd6 14. Qe2 0-0 15. e4 Bf4 16. Rc2 Nh7 17. g3 Bg5 18. Nxg5 Nxg5 19. f4 Nh7 20. Rcc1 Rc8 21. Bb1 Nf6 22. Rfe1 Ba8 23. Qc2 g6 24. Qb2 h5 25. d5 Kg7 26. dxe6 fxe6 27. Qc2 Qe8 28. Bd4 Kh6 29. Bc5 Rg8 30. Qc3 Qf7 31. Qe5 Ng4 32. Qg5+ Kh7 33. e5 Nh6 34. Qxh5 Kg7 35. Qg5 Rh8 36. Be7 Ng8 37. Bd8 Rh5 38. Bf6+ Nxf6 39. Qxf6+ Qxf6 40. exf6+ Kxf6 41. Ba2 Bd5 42. Bxd5 exd5 43. Rc6+ Kf5 44. Re5+ Kg4 45. Rxg6+ 1-0

[Event "Moia op 2nd"]
[Site "Moia"]
[Date "2013.10.04"]
[Round "3"]
[White "Montserrat Rubia, Angel"]
[Black "Codina Espinasa, Joan"]
[Result "1/2-1/2"]
[WhiteElo "1737"]
[BlackElo "1837"]
[PlyCount "75"]
[EventDate "2013.09.20"]
[EventType "swiss"]
[EventRounds "8"]
[EventCountry "ESP"]
[SourceTitle "EXT 2015"]
[Source "ChessBase"]
[SourceDate "2014.11.20"]
[SourceVersion "1"]
[SourceVersionDate "2014.11.20"]
[SourceQuality "1"]

1. d4 d5 2. c4 e6 3. Nc3 Nf6 4. Bg5 Be7 5. e3 dxc4 6. Bxc4 a6 7. a4 c6 8. Nf3 Nbd7 9. 0-0 Nd5 10. Ne4 N7f6 11. Ng3 h6 12. e4 hxg5 13. exd5 Nxd5 14. Ne5 Bd6 15. Nh5 Bf8 16. Qf3 Qe7 17. Rfe1 Nf6 18. Ng3 g6 19. Nxc6 g4 20. Nxe7 gxf3 21. Nxc8 Rxc8 22. Rac1 Be7 23. gxf3 Rh4 24. Ne4 Kf8 25. Kg2 Kg7 26. Kg3 Rch8 27. Nxf6 Kxf6 28. Rh1 Bd6+ 29. Kg2 Rxd4 30. h3 Rc8 31. b3 Rd2 32. Rhd1 Rxd1 33. Rxd1 Ke7 34. Rd4 Rh8 35. Bd3 Rh5 36. Be4 b6 37. Bd3 a5 38. Be4 1/2-1/2

[Event "Moia op 2nd"]
[Site "Moia"]
[Date "2013.09.20"]
[Round "1"]
[White "Turon Mora, Joan"]
[Black "Codina Espinasa, Joan"]
[Result "1-0"]
[WhiteElo "1868"]
[BlackElo "1837"]
[PlyCount "81"]
[EventDate "2013.09.20"]
[EventType "swiss"]
[EventRounds "8"]
[EventCountry "ESP"]
[SourceTitle "EXT 2015"]
[Source "ChessBase"]
[SourceDate "2014.11.20"]
[SourceVersion "1"]
[SourceVersionDate "2014.11.20"]
[SourceQuality "1"]

1. c4 e5 2. Nc3 Nf6 3. Nf3 Nc6 4. g3 Bc5 5. Bg2 d6 6. 0-0 Bg4 7. h3 Bf5 8. d3 Qd7 9. Kh2 h6 10. a3 g5 11. b4 Bb6 12. e3 g4 13. hxg4 Bxg4 14. Qb3 Qf5 15. Nh4 Qxd3 16. c5 dxc5 17. bxc5 Na5 18. Qb4 Nc6 19. Bxc6+ bxc6 20. cxb6 Qxf1 21. Ne4 Nxe4 22. Qxe4 Qxf2+ 23. Ng2 Bf3 24. Qxe5+ Kd7 25. Qf5+ Kd6 26. Qf6+ Kd7 27. Qf5+ Kd8 28. Qf6+ Kc8 29. Qxh8+ Kb7 30. Qb2 Qxg2+ 31. Qxg2 Bxg2 32. Kxg2 cxb6 33. e4 h5 34. Bg5 c5 35. Rf1 Re8 36. Rxf7+ Ka6 37. Rf3 Rc8 38. e5 c4 39. e6 c3 40. e7 Re8 41. Rf8 1-0